Podnikání a životní prostředí

Vzťah podnikateľských subjektov k životnému prostrediu. Zodpovedný prístup k ochrane životného prostredia. Znečisťovanie životného prostredia sa zaraďuje medzi hlavné faktory ovplyvňujúce podnikanie. Spojenie činnosti logistickej firmy s dopravou - najrýchlejšie rastúce zdroje znečistenia. Využívani...

Descrizione completa

Salvato in:
Dettagli Bibliografici
Autore principale: Dosoudil, Petr
Natura: Capitolo di libro
Lingua:ceco
Soggetti:
Tags: Aggiungi Tag
Nessun Tag, puoi essere il primo ad aggiungerne!!

MARC

LEADER 00000naa$a2200000$$$4500
001 0014279
005 20231113114603.4
041 0 |a cze 
044 |a CZ 
245 1 0 |a Podnikání a životní prostředí  |c aut. Petr Dosoudil 
520 |a Vzťah podnikateľských subjektov k životnému prostrediu. Zodpovedný prístup k ochrane životného prostredia. Znečisťovanie životného prostredia sa zaraďuje medzi hlavné faktory ovplyvňujúce podnikanie. Spojenie činnosti logistickej firmy s dopravou - najrýchlejšie rastúce zdroje znečistenia. Využívanie outsourcingových služieb podnikmi. Regenerácia znehodnotených, nevyužitých plôch - "brownfields". Pozitívny dopad projektov regenerácie na ochranu životného prostredia. 
610 2 0 |a podnikanie 
610 2 0 |a prostredie životné 
610 2 0 |a ochrana prostredia životného 
610 2 0 |a outsourcing 
610 2 0 |a podnik logistický 
100 1 |a Dosoudil, Petr